[Event "4th Budapest Open"]
[Site "Budapest, Hungary"]
[Date "2014.08.18"]
[Round "3.1"]
[White "Szabolcsi, Janos"]
[Black "Juhasz, Bela"]
[Result "1-0"]
[WhiteElo "2324"]
[BlackElo "2087"]
[PlyCount "137"]
[EventDate "2014.??.??"]

1. d4 Nf6 2. c4 e6 3. Nf3 d5 4. Bg5 c6 5. Nbd2 Be7 6. e3 O-O 7. Bd3 Nbd7 8. O-O
dxc4 9. Nxc4 c5 10. Rc1 cxd4 11. exd4 Nb6 12. Re1 Nxc4 13. Bxc4 Bd7 14. Ne5 Bc6
15. Nxc6 bxc6 16. Bf4 c5 17. dxc5 Bxc5 18. Qf3 Qb6 19. Bb3 Rac8 20. Red1 Rfd8
21. Rxd8+ Rxd8 22. h3 h6 23. Bxh6 Bxf2+ 24. Qxf2 gxh6 25. Rc2 Qxf2+ 26. Kxf2
Rd7 27. Ke3 Kg7 28. Ba4 Rd6 29. Bc6 Nd5+ 30. Bxd5 Rxd5 31. b4 Kf6 32. a4 Rd7
33. b5 Ke5 34. Rc5+ Kd6 35. Rh5 f5 36. Rxh6 Rg7 37. Kf3 Rc7 38. Rh8 Rc3+ 39.
Kf2 Ra3 40. Ra8 Ra2+ 41. Kg3 Ra3+ 42. Kh2 Rxa4 43. b6 Kc6 44. bxa7 Kb7 45. Re8
Kxa7 46. Rxe6 Kb7 47. Kg3 Ra5 48. Re2 Kc7 49. Rd2 Ra4 50. Kf3 Kc6 51. g3 Rb4
52. h4 Ra4 53. h5 Ra7 54. Rh2 Kd5 55. Kf4 Ke6 56. Kg5 Ra3 57. Rg2 Ra4 58. Re2+
Kf7 59. Kxf5 Ra5+ 60. Re5 Ra1 61. Rb5 Kg7 62. Kg5 Ra7 63. g4 Rc7 64. h6+ Kh7
65. Kh5 Ra7 66. g5 Ra8 67. Rf5 Kg8 68. g6 Rb8 69. h7+ 1-0

[Event "4th Budapest Open"]
[Site "Budapest, Hungary"]
[Date "2014.08.18"]
[Round "3.2"]
[White "Torok, Tamas Titusz"]
[Black "Gal, Tamas"]
[Result "0-1"]
[WhiteElo "2090"]
[BlackElo "2254"]
[PlyCount "114"]
[EventDate "2014.??.??"]

1. e4 c6 2. c4 d5 3. cxd5 cxd5 4. exd5 Nf6 5. Qa4+ Nbd7 6. Nc3 g6 7. Nf3 Bg7 8.
Bc4 O-O 9. d3 a6 10. Qa3 Nb6 11. Qb3 Bg4 12. Be3 Nxc4 13. dxc4 Bxf3 14. gxf3
Qc7 15. O-O Nd7 16. Ne2 Ne5 17. c5 Nxf3+ 18. Kg2 Nh4+ 19. Kh1 Qe5 20. Qc4 Qh5
21. f4 Rad8 22. Rad1 Bxb2 23. Ng3 Qg4 24. Rb1 Bf6 25. Rxb7 Qh3 26. Rf2 Qc8 27.
Rb1 Qa8 28. c6 Rb8 29. Rc1 Rb2 30. Ne4 Bg7 31. Rxb2 Bxb2 32. Rb1 Ba3 33. Bc5
Qc8 34. Qf1 Qf5 35. Qd3 Bxc5 36. Nxc5 Qxf4 37. Qe4 Qd6 38. Nb7 Qf6 39. Nc5 Rd8
40. Nd7 Qd6 41. Nb6 Nf5 42. Qc4 Ne3 43. Qe4 Nf5 44. Qc4 Qc7 45. Qxa6 Ne3 46.
Qe2 Nxd5 47. Nxd5 Qxc6 48. Rd1 e6 49. Qf3 exd5 50. Rd3 Qc1+ 51. Rd1 Qc4 52. a3
d4 53. Kg1 Kg7 54. Rd3 Rd5 55. h4 Rf5 56. Qd1 Rf4 57. h5 Qc5 0-1

[Event "4th Budapest Open"]
[Site "Budapest, Hungary"]
[Date "2014.08.18"]
[Round "3.3"]
[White "Zentai, Peter"]
[Black "Ats, Laszlo Gyorgy"]
[Result "1-0"]
[WhiteElo "2236"]
[BlackElo "2062"]
[PlyCount "69"]
[EventDate "2014.??.??"]

1. d4 d5 2. c4 c6 3. Nf3 Nf6 4. e3 Bg4 5. Qb3 Qc7 6. Ne5 e6 7. Nxg4 Nxg4 8. Be2
f5 9. Bxg4 fxg4 10. Nc3 Nd7 11. e4 dxe4 12. Nxe4 Nf6 13. Qe3 Bb4+ 14. Bd2 Bxd2+
15. Nxd2 Kf7 16. O-O Rhe8 17. f3 g3 18. hxg3 Qxg3 19. Ne4 Qc7 20. Ng5+ Kg8 21.
Rfe1 h6 22. Nxe6 Qd6 23. Qe5 Rad8 24. f4 Qb4 25. b3 b5 26. Rac1 Rd7 27. f5 Qd2
28. cxb5 cxb5 29. Qxb5 Rxd4 30. Qe2 Qa5 31. Qf2 Rd2 32. Qg3 Rd7 33. Red1 Ne4
34. Qg6 Rde7 35. Nxg7 1-0

[Event "4th Budapest Open"]
[Site "Budapest, Hungary"]
[Date "2014.08.18"]
[Round "3.4"]
[White "Balint, Vilmos"]
[Black "Rinyu, Janos"]
[Result "1-0"]
[WhiteElo "2187"]
[BlackElo "1896"]
[PlyCount "65"]
[EventDate "2014.??.??"]

1. b3 b6 2. Bb2 Bb7 3. f4 e6 4. e3 Nf6 5. Nf3 Be7 6. Na3 c5 7. Nc4 d6 8. a4 Qc7
9. g3 Nbd7 10. Bg2 O-O 11. d3 a6 12. Qd2 b5 13. Na5 d5 14. Nxb7 Qxb7 15. O-O
Rab8 16. axb5 axb5 17. f5 exf5 18. Nh4 Nb6 19. Nxf5 Ne8 20. Ra5 b4 21. Qd1 Qc7
22. Nh6+ Kh8 23. Nxf7+ Kg8 24. Be5 Bd6 25. Nh6+ gxh6 26. Qg4+ Ng7 27. Bxg7 Qxg7
28. Qe6+ Kh8 29. Qxd6 Rxf1+ 30. Bxf1 Nd7 31. Ra7 Rf8 32. Qxd7 Rxf1+ 33. Kxf1
1-0

[Event "4th Budapest Open"]
[Site "Budapest, Hungary"]
[Date "2014.08.18"]
[Round "3.5"]
[White "Metaxasz, Vaszilisz"]
[Black "Bodi, Tibor"]
[Result "1/2-1/2"]
[WhiteElo "2062"]
[BlackElo "2165"]
[PlyCount "95"]
[EventDate "2014.??.??"]

1. c4 f5 2. g3 Nf6 3. Bg2 g6 4. Nc3 Bg7 5. Nf3 O-O 6. O-O Nc6 7. d3 e5 8. Bd2
d6 9. a3 a5 10. Rb1 h6 11. b4 axb4 12. axb4 e4 13. Ne1 exd3 14. exd3 Nd4 15.
Nc2 Nxc2 16. Qxc2 Nh5 17. Ne2 Rb8 18. b5 Bd7 19. Bc3 f4 20. Bxg7 Kxg7 21. Qc3+
Kh7 22. d4 Qf6 23. Qf3 Qg5 24. h4 Qe7 25. g4 Ng7 26. h5 gxh5 27. Nxf4 hxg4 28.
Qe4+ Qxe4 29. Bxe4+ Bf5 30. Bxf5+ Rxf5 31. Nd5 Ne6 32. Rbe1 Re8 33. Re4 c6 34.
bxc6 bxc6 35. Nb4 c5 36. dxc5 dxc5 37. Nd5 Nc7 38. Rxe8 Nxe8 39. Re1 Nd6 40.
Re7+ Rf7 41. Rxf7+ Nxf7 42. Nf6+ Kg6 43. Nxg4 Nd6 44. Ne5+ Kf5 45. Nd3 Nb7 46.
f3 Ke6 47. Kg2 Kd6 48. Kh3 1/2-1/2

[Event "4th Budapest Open"]
[Site "Budapest, Hungary"]
[Date "2014.08.18"]
[Round "3.6"]
[White "Bodrogi, Laszlo"]
[Black "Kormos, Adam"]
[Result "0-1"]
[WhiteElo "1956"]
[BlackElo "2144"]
[PlyCount "122"]
[EventDate "2014.??.??"]

1. d4 d5 2. c4 dxc4 3. Nf3 Nf6 4. e3 e6 5. Bxc4 c5 6. O-O a6 7. Qe2 cxd4 8.
exd4 Be7 9. Nc3 b5 10. Bb3 Bb7 11. Rd1 Nd5 12. Ne5 O-O 13. Qg4 f5 14. Qe2 b4
15. Na4 Nd7 16. Nf3 Rf6 17. Nc5 Nxc5 18. dxc5 Bxc5 19. Bg5 Qf8 20. Bxf6 Qxf6
21. Qe5 Qxe5 22. Nxe5 Be7 23. g3 Bf6 24. Re1 a5 25. Ba4 Nb6 26. Bb3 Bd5 27.
Rac1 a4 28. Bxd5 Nxd5 29. Rc6 a3 30. bxa3 bxa3 31. Rxe6 Nc3 32. Re3 Nxa2 33.
Nc4 Nc3 34. Re8+ Rxe8 35. Rxe8+ Kf7 36. Ra8 a2 37. Kf1 Ke6 38. Ke1 Kd5 39. Ne3+
Ke4 40. Nc2 Kf3 41. Kf1 Be7 42. Nd4+ Ke4 43. Nb3 Bg5 44. f4 Bf6 45. Ra5 Bd4 46.
Nc1 Kf3 47. Nxa2 Nd1 48. Ra3+ Ne3+ 49. Kg1 Ke2 50. Nc1+ Ke1 51. Rd3 Nc2+ 52.
Kg2 Be3 53. Nb3 Ke2 54. Rd7 Ne1+ 55. Kh3 g5 56. fxg5 Nf3 57. Re7 Kf2 58. Rc7
Bxg5 59. Rc2+ Kf1 60. g4 Ng1+ 61. Kg3 f4# 0-1

[Event "4th Budapest Open"]
[Site "Budapest, Hungary"]
[Date "2014.08.18"]
[Round "3.7"]
[White "Bartuszek, Andras"]
[Black "Ruck, Robert"]
[Result "0-1"]
[WhiteElo "1884"]
[BlackElo "2027"]
[PlyCount "86"]
[EventDate "2014.??.??"]

1. e4 c5 2. Nf3 e6 3. d4 cxd4 4. Nxd4 a6 5. Be3 Qc7 6. f4 Nf6 7. Bd3 d6 8. Nc3
Nbd7 9. Qe2 b5 10. g4 Nc5 11. g5 Nfd7 12. Rf1 Bb7 13. f5 b4 14. fxe6 fxe6 15.
Nxe6 Nxe6 16. Nd5 Qa5 17. Rf5 Ne5 18. Bb6 Qa4 19. Rxe5 dxe5 20. Qg4 Qd7 21.
Qxe6+ Qxe6 22. Nc7+ Kd7 23. Nxe6 Kxe6 24. Bc4+ Ke7 25. O-O-O Ke8 26. Be6 Bc6
27. Bc7 Be7 28. h4 Rf8 29. Bxe5 Rd8 30. Rxd8+ Kxd8 31. Bxg7 Rf4 32. e5 Rxh4 33.
Bf6 Be4 34. Bc4 a5 35. c3 Bg6 36. Bd5 bxc3 37. bxc3 h6 38. gxh6 Bxf6 39. exf6
Rxh6 40. Kb2 Bd3 41. f7 Ke7 42. c4 Rh3 43. Kc3 Be4+ 0-1

[Event "4th Budapest Open"]
[Site "Budapest, Hungary"]
[Date "2014.08.18"]
[Round "3.8"]
[White "Nagy, Aron"]
[Black "Juhasz, Mark"]
[Result "1/2-1/2"]
[WhiteElo "2145"]
[BlackElo "2210"]
[PlyCount "48"]
[EventDate "2014.??.??"]

1. d4 Nf6 2. Nf3 c5 3. c3 b6 4. Bg5 Bb7 5. Nbd2 d6 6. e4 h6 7. Bxf6 exf6 8.
Bb5+ Bc6 9. Bxc6+ Nxc6 10. Qa4 Qd7 11. dxc5 dxc5 12. O-O-O Ne5 13. Qxd7+ Nxd7
14. Nc4 O-O-O 15. Rhe1 Be7 16. e5 fxe5 17. Ncxe5 Nxe5 18. Nxe5 Rxd1+ 19. Rxd1
Bg5+ 20. Kc2 Re8 21. Nxf7 Re2+ 22. Kb1 Rxf2 23. Nxg5 hxg5 24. g4 Rxh2 1/2-1/2

[Event "4th Budapest Open"]
[Site "Budapest, Hungary"]
[Date "2014.08.18"]
[Round "3.9"]
[White "Zoldy, Robert"]
[Black "Kokeny, Norbert Adrian"]
[Result "1-0"]
[WhiteElo "2029"]
[BlackElo "1916"]
[PlyCount "95"]
[EventDate "2014.??.??"]

1. e4 e6 2. d4 d5 3. e5 c5 4. c3 Nc6 5. Nf3 cxd4 6. cxd4 Bb4+ 7. Bd2 Bxd2+ 8.
Qxd2 Nh6 9. Bd3 Bd7 10. Nc3 a6 11. Rc1 Rc8 12. O-O f6 13. Rfe1 fxe5 14. Nxe5
Nxe5 15. Rxe5 Nf7 16. Rh5 g6 17. Rh3 Qf6 18. Qe3 O-O 19. Rf3 Qg7 20. h4 Nh6 21.
Rg3 Nf5 22. Bxf5 Rxf5 23. Rg5 Rxg5 24. hxg5 Rc4 25. Ne2 Rxc1+ 26. Qxc1 e5 27.
Qc7 Qe7 28. Qxe5 Qb4 29. Qxd5+ Kh8 30. Qxd7 Qe1+ 31. Kh2 Qxe2 32. Qc8+ Kg7 33.
Qxb7+ Kg8 34. Qb8+ Kf7 35. f3 Qf2 36. Qc7+ Kf8 37. Qd8+ Kg7 38. Qe7+ Kg8 39.
Qe8+ Kg7 40. Qe5+ Kg8 41. d5 Qh4+ 42. Kg1 Qb4 43. d6 Qb6+ 44. Kh2 Qb8 45. f4
Qd8 46. Qe6+ Kg7 47. d7 Qf8 48. Qf6+ 1-0

[Event "4th Budapest Open"]
[Site "Budapest, Hungary"]
[Date "2014.08.18"]
[Round "3.10"]
[White "Rajcsanyi, Peter"]
[Black "Csala, Imre"]
[Result "0-1"]
[WhiteElo "1860"]
[BlackElo "2175"]
[PlyCount "86"]
[EventDate "2014.??.??"]

1. e4 d6 2. d4 g6 3. Nc3 Bg7 4. Nf3 Bg4 5. Be3 Nc6 6. Qd2 Bxf3 7. gxf3 e5 8.
dxe5 dxe5 9. Qxd8+ Rxd8 10. Nd5 Rd7 11. O-O-O Nge7 12. Bh3 f5 13. c3 Nxd5 14.
Rxd5 Rxd5 15. exd5 Ne7 16. Rd1 Nc8 17. Kc2 b6 18. f4 Nd6 19. fxe5 Bxe5 20. Bd4
Bxd4 21. Rxd4 g5 22. f3 Rf8 23. Bg2 h5 24. c4 g4 25. b4 f4 26. c5 Nf5 27. Re4+
Kd8 28. Kd3 Ne3 29. Rxe3 fxe3 30. Kxe3 Re8+ 31. Kd3 Re5 32. fxg4 hxg4 33. a4
Rh5 34. Ke3 Rxh2 35. Kf2 Rh6 36. Kg3 bxc5 37. bxc5 Ra6 38. Kxg4 Rxa4+ 39. Kf5
Rc4 40. c6 a5 41. Ke6 a4 42. d6 a3 43. Bd5 Rxc6 0-1

[Event "4th Budapest Open"]
[Site "Budapest, Hungary"]
[Date "2014.08.18"]
[Round "3.11"]
[White "Markos, Adam"]
[Black "Szecsi, Peter"]
[Result "1-0"]
[WhiteElo "2135"]
[BlackElo "1858"]
[PlyCount "95"]
[EventDate "2014.??.??"]

1. c4 Nf6 2. Nf3 e6 3. g3 d5 4. Bg2 Be7 5. O-O O-O 6. b3 c5 7. Bb2 Nc6 8. d3 d4
9. e4 e5 10. Nbd2 Qc7 11. h3 h6 12. Qe2 Bd7 13. Nh2 Qc8 14. h4 Ng4 15. Nxg4
Bxg4 16. f3 Bh3 17. Rf2 Bxg2 18. Kxg2 Qe6 19. a3 a5 20. Rh1 f6 21. f4 Bd6 22.
f5 Qf7 23. g4 g6 24. fxg6 Qxg6 25. Kh3 Rf7 26. Nf1 Kf8 27. Ng3 Ke8 28. Bc1 Bf8
29. Rhf1 Ne7 30. Nh5 Ra6 31. Bd2 Ng8 32. Ng3 Ne7 33. Nf5 Nxf5 34. gxf5 Qh7 35.
Rg2 h5 36. Rg6 b6 37. Rfg1 Raa7 38. Qd1 Rae7 39. b4 Rd7 40. bxa5 bxa5 41. Qa4
Rg7 42. Qc6 Rxg6 43. fxg6 Qg8 44. Bxa5 Be7 45. Qc8+ Bd8 46. Bxd8 Rxd8 47. Qc6+
Rd7 48. g7 1-0

[Event "4th Budapest Open"]
[Site "Budapest, Hungary"]
[Date "2014.08.18"]
[Round "3.12"]
[White "Horvath, Csaba"]
[Black "Lam, Daniel King-wai"]
[Result "0-1"]
[WhiteElo "1839"]
[BlackElo "2114"]
[PlyCount "50"]
[EventDate "2014.??.??"]

1. Nf3 Nf6 2. g3 g6 3. Bg2 Bg7 4. c4 O-O 5. O-O d6 6. d4 Nbd7 7. Nc3 e5 8. e3
c6 9. Qc2 Re8 10. Rd1 Qc7 11. b3 exd4 12. Nxd4 Nc5 13. b4 Ne6 14. Nce2 Ng5 15.
Bb2 Nh3+ 16. Kf1 Nxf2 17. Kxf2 Ng4+ 18. Kg1 Nxe3 19. Qc3 Nxd1 20. Nb5 Nxc3 21.
Nxc7 Nxe2+ 22. Kf2 Bxb2 23. Rd1 Bd4+ 24. Kf1 Bg4 25. Nxa8 Nxg3+ 0-1

[Event "4th Budapest Open"]
[Site "Budapest, Hungary"]
[Date "2014.08.18"]
[Round "3.13"]
[White "Bodrogi, Mihaly"]
[Black "Liptak, Tibor"]
[Result "1-0"]
[WhiteElo "2081"]
[BlackElo "1827"]
[PlyCount "53"]
[EventDate "2014.??.??"]

1. d4 d5 2. c4 c6 3. Nc3 Nf6 4. Nf3 g6 5. e3 Bg7 6. Be2 Nbd7 7. O-O O-O 8. b3
dxc4 9. bxc4 Qc7 10. Bb2 Nb6 11. Qb3 Bg4 12. Rac1 Nbd7 13. Rfd1 Qb6 14. Nh4 Be6
15. Ba3 Rfe8 16. d5 cxd5 17. cxd5 Bf5 18. Nxf5 gxf5 19. Bd3 e6 20. dxe6 fxe6
21. Bb5 Rec8 22. Na4 Qa5 23. Qxe6+ Kh8 24. Bxd7 Rxc1 25. Rxc1 Nxd7 26. Qxd7 Rd8
27. Bb4 1-0

[Event "4th Budapest Open"]
[Site "Budapest, Hungary"]
[Date "2014.08.18"]
[Round "3.14"]
[White "Molnar, Laszlo"]
[Black "Abraham, Lajos"]
[Result "1-0"]
[WhiteElo "2067"]
[BlackElo "1803"]
[PlyCount "127"]
[EventDate "2014.??.??"]

1. e4 c5 2. b3 e6 3. Nf3 d5 4. exd5 exd5 5. Bb5+ Bd7 6. Qe2+ Qe7 7. Nc3 d4 8.
Ne4 Kd8 9. Bc4 Bc6 10. Neg5 Qxe2+ 11. Kxe2 Nh6 12. Bxf7 Bxf3+ 13. Kxf3 Be7 14.
d3 Nc6 15. Ke2 Kc7 16. Bf4+ Kb6 17. Bc4 Bxg5 18. Bxg5 Rae8+ 19. Kd2 Rhf8 20. f3
Nf5 21. Rae1 h6 22. Bf4 g5 23. Bg3 Ne3 24. h4 Nf5 25. Rxe8 Rxe8 26. Bf2 gxh4
27. a3 Re7 28. Bxh4 Rg7 29. g4 Ne3 30. Bf2 Nxc4+ 31. dxc4 Rg6 32. Bg3 Ne7 33.
Bf4 Ng8 34. Rh5 Rf6 35. Rf5 Rxf5 36. gxf5 Kc6 37. Kd3 Kd7 38. Ke4 b6 39. Ke5
Ke7 40. b4 cxb4 41. axb4 a5 42. bxa5 bxa5 43. Kxd4 Kd7 44. Kc5 a4 45. Kb4 Kc6
46. Kxa4 Kc5 47. Kb3 Kc6 48. Kc3 Kc5 49. Be3+ Kd6 50. Bf4+ Kc5 51. Kd3 Ne7 52.
f6 Ng6 53. Bxh6 Ne5+ 54. Kc3 Nf7 55. Bf8+ Kc6 56. f4 Kd7 57. Kd4 Ke6 58. Be7
Kd7 59. Kd5 Nh6 60. c5 Ke8 61. c6 Nf7 62. c7 Kd7 63. c8=Q+ Kxc8 64. Ke6 1-0

[Event "4th Budapest Open"]
[Site "Budapest, Hungary"]
[Date "2014.08.18"]
[Round "3.15"]
[White "Szurkos, Andras"]
[Black "Antal, Attila Dr"]
[Result "1-0"]
[WhiteElo "1775"]
[BlackElo "2048"]
[PlyCount "33"]
[EventDate "2014.??.??"]

1. e4 e5 2. Nc3 Nc6 3. Bc4 Nf6 4. Nf3 Bb4 5. d3 d6 6. h3 Na5 7. Bb3 Nxb3 8.
axb3 c6 9. O-O h6 10. Be3 Bxc3 11. bxc3 b6 12. Nh2 Be6 13. c4 O-O 14. f4 exf4
15. Bxf4 d5 16. cxd5 cxd5 17. e5 1-0

[Event "4th Budapest Open"]
[Site "Budapest, Hungary"]
[Date "2014.08.18"]
[Round "3.16"]
[White "Mester, Attila"]
[Black "Szlenka, Attila"]
[Result "1-0"]
[WhiteElo "2006"]
[BlackElo "1775"]
[PlyCount "77"]
[EventDate "2014.??.??"]

1. e4 Nf6 2. e5 Nd5 3. c4 Nb6 4. d4 d6 5. exd6 exd6 6. Nc3 Bf5 7. Nf3 Nc6 8. d5
Ne5 9. Nxe5 dxe5 10. Be3 Bb4 11. Rc1 c6 12. Qb3 Bxc3+ 13. Qxc3 f6 14. dxc6 bxc6
15. Be2 Qc7 16. O-O Rd8 17. Qa3 Nc8 18. f4 exf4 19. Bxf4 Qe7 20. Bh5+ Kf8 21.
Qg3 Rd3 22. Qf2 Bg6 23. Rce1 Qd7 24. Be2 Rd4 25. Be3 Re4 26. Bf3 Rxc4 27. Bc5+
Kf7 28. Bd1 Bd3 29. Bb3 Kg6 30. Bxc4 Bxc4 31. Qg3+ Kf7 32. Rf4 Bd5 33. Rd4 h5
34. b4 a6 35. a4 Qb7 36. Qf2 Rh6 37. Qe2 Kg8 38. Qd3 Qf7 39. Qf5 1-0

[Event "4th Budapest Open"]
[Site "Budapest, Hungary"]
[Date "2014.08.18"]
[Round "3.17"]
[White "Lakat, Gyula"]
[Black "Bihari, Mihaly"]
[Result "0-1"]
[WhiteElo "1756"]
[BlackElo "2005"]
[PlyCount "70"]
[EventDate "2014.??.??"]

1. e4 c5 2. Nc3 Nc6 3. Nge2 g6 4. g3 Bg7 5. Bg2 e6 6. d3 Nge7 7. Be3 b6 8. Qd2
h6 9. f4 Bb7 10. h4 h5 11. O-O-O d5 12. d4 cxd4 13. Nxd4 dxe4 14. Nxe4 O-O 15.
Nxc6 Bxc6 16. Bd4 Bxd4 17. Qxd4 Qxd4 18. Rxd4 f5 19. Bf3 fxe4 20. Bxe4 Rad8 21.
Rhd1 Rxd4 22. Rxd4 Bxe4 23. Rxe4 Kf7 24. Ra4 Ra8 25. Kd2 Nf5 26. Ra3 Rd8+ 27.
Kc3 Nxg3 28. Rxa7+ Kf6 29. Rb7 Rd6 30. b4 Nf5 31. a4 Nxh4 32. a5 bxa5 33. bxa5
Rc6+ 34. Kb3 Nf5 35. Rb6 Ne7 0-1

[Event "4th Budapest Open"]
[Site "Budapest, Hungary"]
[Date "2014.08.18"]
[Round "3.18"]
[White "Horvath, Dominik"]
[Black "Rzin, Mehdi"]
[Result "1-0"]
[WhiteElo "2004"]
[BlackElo "1757"]
[PlyCount "93"]
[EventDate "2014.??.??"]

1. e4 c5 2. Nf3 d6 3. d4 cxd4 4. Nxd4 Nf6 5. Nc3 g6 6. f3 Bg7 7. Be3 O-O 8. Bc4
Nc6 9. Bb3 Bd7 10. Qd2 Rc8 11. O-O-O Ne5 12. Kb1 Nc4 13. Bxc4 Rxc4 14. g4 Qa5
15. Nd5 Nxd5 16. Qxa5 Nxe3 17. Qxa7 Ra4 18. Qb6 Rfa8 19. a3 Nc4 20. Qxb7 Bc8
21. Qxe7 Ne3 22. Qe8+ Bf8 23. Rd3 Nc4 24. Rc3 R4a7 25. Rxc4 Bd7 26. Qxa8 Rxa8
27. Rc7 Bc8 28. Nb5 Ba6 29. c4 Kg7 30. Rd1 Rd8 31. g5 Bc8 32. c5 Be6 33. cxd6
Bb3 34. Rd4 Kg8 35. e5 Be6 36. Na7 Bf5+ 37. Ka1 Bh3 38. Nc6 Rd7 39. Ne7+ Kg7
40. Nd5 Rxd6 41. exd6 Bxd6 42. Rc6 Bxh2 43. Rh4 Bd7 44. Rb6 Bg1 45. Rd6 Bb5 46.
Nf6 Kf8 47. Re4 1-0

[Event "4th Budapest Open"]
[Site "Budapest, Hungary"]
[Date "2014.08.18"]
[Round "3.19"]
[White "Takacs, Kevin"]
[Black "Kovacs, Judit"]
[Result "1/2-1/2"]
[WhiteElo "2001"]
[BlackElo "1729"]
[PlyCount "49"]
[EventDate "2014.??.??"]

1. d4 d5 2. c4 c6 3. Nf3 Nf6 4. e3 a6 5. Ne5 Bf5 6. Nc3 e6 7. Bd3 Bg6 8. O-O
Nbd7 9. f4 Bb4 10. cxd5 cxd5 11. Na4 Bxd3 12. Qxd3 Bd6 13. Bd2 b5 14. Nc3 O-O
15. Be1 b4 16. Na4 a5 17. Bh4 Qe8 18. b3 Bxe5 19. fxe5 Ne4 20. Rac1 Qb8 21. Qe2
Ra7 22. Qg4 Kh8 23. Be7 Nxe5 24. dxe5 Rxe7 25. Qh5 1/2-1/2

[Event "4th Budapest Open"]
[Site "Budapest, Hungary"]
[Date "2014.08.18"]
[Round "3.20"]
[White "Csermely, Zoltan"]
[Black "Heyl, Thomas"]
[Result "0-1"]
[WhiteElo "1656"]
[BlackElo "2001"]
[PlyCount "70"]
[EventDate "2014.??.??"]

1. Nf3 d5 2. g3 Nf6 3. Bg2 e6 4. O-O Be7 5. Ne5 O-O 6. d4 b6 7. c4 Bb7 8. Nd2
c5 9. e3 Nc6 10. Nxc6 Bxc6 11. a4 Qc7 12. dxc5 bxc5 13. Qc2 Rab8 14. b3 Qb7 15.
Ba3 Nd7 16. cxd5 Bxd5 17. Bxd5 exd5 18. f4 Bf6 19. Rac1 Rfc8 20. Qd3 Be7 21. h4
Nf6 22. Rb1 Qd7 23. f5 Qc7 24. Kf2 c4 25. bxc4 Rxb1 26. Rxb1 Bxa3 27. Qxa3 dxc4
28. Qc3 h5 29. Rc1 Rd8 30. Kf3 Qb7+ 31. e4 Rd3+ 32. Kf4 Rxc3 33. Rxc3 Qb2 34.
Rxc4 Qxd2+ 35. Ke5 Nd7# 0-1

[Event "4th Budapest Open"]
[Site "Budapest, Hungary"]
[Date "2014.08.18"]
[Round "3.21"]
[White "Kovacsy, Barnabas"]
[Black "Grigoryan, Meri"]
[Result "1/2-1/2"]
[WhiteElo "1622"]
[BlackElo "1996"]
[PlyCount "75"]
[EventDate "2014.??.??"]

1. e4 a6 2. d4 d5 3. exd5 Qxd5 4. Nc3 Qd6 5. Nf3 Nf6 6. g3 b5 7. Bg2 Bb7 8. O-O
e6 9. Bf4 Qd8 10. Ne5 Bxg2 11. Kxg2 Nd5 12. Nxd5 Qxd5+ 13. Qf3 Qxf3+ 14. Nxf3
Bd6 15. Be5 f6 16. Bxd6 cxd6 17. Rfe1 Kd7 18. c3 d5 19. Re2 Nc6 20. Rae1 Rhe8
21. Nd2 e5 22. Nb3 Kd6 23. f4 e4 24. Nc5 Re7 25. Rb1 a5 26. Kf2 Rb8 27. Ke3 b4
28. Ree1 Ree8 29. g4 Rb5 30. Rec1 bxc3 31. bxc3 Reb8 32. Rxb5 Rxb5 33. c4 dxc4
34. Nxe4+ Kd7 35. Nc5+ Kd6 36. Ne4+ Kd7 37. Nc5+ Kd6 38. Ne4+ 1/2-1/2

[Event "4th Budapest Open"]
[Site "Budapest, Hungary"]
[Date "2014.08.18"]
[Round "3.23"]
[White "Kalmar, Karoly"]
[Black "Gorog, Almos"]
[Result "1/2-1/2"]
[WhiteElo "1942"]
[BlackElo "1627"]
[PlyCount "84"]
[EventDate "2014.??.??"]

1. e4 e6 2. d4 d5 3. Nd2 Be7 4. Ngf3 Nf6 5. e5 Nfd7 6. Bd3 c5 7. c3 b6 8. Qe2
cxd4 9. cxd4 a5 10. O-O Ba6 11. Re1 g5 12. Nf1 g4 13. N3d2 h5 14. f4 Bxd3 15.
Qxd3 Nc6 16. Ne3 b5 17. a3 Qb6 18. Nc2 O-O-O 19. Nf1 a4 20. Bd2 Kb7 21. Rac1
Na5 22. Bxa5 Qxa5 23. Nd2 Rc8 24. Ne3 Nb6 25. Rb1 Nc4 26. Re2 Nxe3 27. Rxe3 Rc6
28. b3 Bxa3 29. bxa4 Rc1+ 30. Kf2 Rxb1 31. Nxb1 Bc1 32. Re2 Qxa4 33. g3 h4 34.
Kg2 hxg3 35. hxg3 Rh3 36. Rf2 b4 37. Nd2 Bxd2 38. Rxd2 Kb6 39. Rb2 Qb5 40. Qd2
Ka5 41. Ra2+ Kb6 42. Rb2 Ka5 1/2-1/2

[Event "4th Budapest Open"]
[Site "Budapest, Hungary"]
[Date "2014.08.18"]
[Round "3.24"]
[White "Yip, Michael"]
[Black "Karacsonyi, Kata"]
[Result "1-0"]
[WhiteElo "1916"]
[BlackElo "1377"]
[PlyCount "93"]
[EventDate "2014.??.??"]

1. Nf3 d5 2. d4 Nf6 3. c4 e6 4. Nc3 c6 5. e3 Nbd7 6. Bd3 dxc4 7. Bxc4 Bd6 8.
O-O O-O 9. Qc2 b6 10. Rd1 Bb7 11. e4 c5 12. d5 exd5 13. exd5 Ne5 14. Be2 Nxf3+
15. Bxf3 Be5 16. Be3 Bxc3 17. bxc3 c4 18. Bg5 Qd6 19. Rd4 b5 20. Rb1 Rfe8 21.
g3 a6 22. a4 h6 23. Bxf6 Qxf6 24. Kg2 Bc8 25. Rf4 Qb6 26. Rxc4 Qd6 27. axb5
axb5 28. Rd4 Bd7 29. Qd2 Rab8 30. Re1 Rec8 31. Re3 Bf5 32. h4 Ra8 33. Be2 Rcb8
34. Rb4 Ra5 35. Qd4 Ra4 36. Bf3 Ra2 37. Re2 Ra3 38. Reb2 Ra5 39. c4 Qd7 40. g4
Bg6 41. h5 Bh7 42. c5 Qd8 43. d6 Ra3 44. Rd2 Qd7 45. c6 Qc8 46. d7 Qd8 47. Qd6
1-0

[Event "4th Budapest Open"]
[Site "Budapest, Hungary"]
[Date "2014.08.18"]
[Round "3.26"]
[White "Karacsonyi, Gellert"]
[Black "Bellan, Istvan"]
[Result "1/2-1/2"]
[WhiteElo "1806"]
[BlackElo "1884"]
[PlyCount "107"]
[EventDate "2014.??.??"]

1. e4 c5 2. Nf3 d6 3. d4 cxd4 4. Nxd4 Nf6 5. Nc3 a6 6. Bc4 e6 7. Bb3 Qc7 8. O-O
Nc6 9. Be3 b5 10. Qf3 Nxd4 11. Bxd4 Be7 12. Rfe1 Bb7 13. Rad1 O-O 14. Qg3 e5
15. Be3 Nxe4 16. Nxe4 Bxe4 17. c3 Kh8 18. Bd5 Bxd5 19. Rxd5 f5 20. Bg5 f4 21.
Qg4 Bxg5 22. Qxg5 Rf6 23. f3 h6 24. Qh4 Qb6+ 25. Qf2 Rb8 26. Qxb6 Rxb6 27. Kf2
Kg8 28. Ke2 Rg6 29. Rg1 Kf7 30. Kf2 Ke7 31. a3 Rc6 32. Re1 Re6 33. Re4 g5 34.
h3 Rc5 35. Rxc5 dxc5 36. Re2 Kd6 37. b3 Re8 38. Rd2+ Ke6 39. Rd1 Rc8 40. Rd2 a5
41. Rb2 Rd8 42. b4 cxb4 43. cxb4 axb4 44. Rxb4 Rd2+ 45. Kf1 Rd5 46. a4 bxa4 47.
Rxa4 h5 48. Ke2 Kf5 49. Ra8 Rb5 50. Rf8+ Ke6 51. Rg8 Rb2+ 52. Kf1 Kf6 53. Rf8+
Kg7 54. Rf5 1/2-1/2

[Event "4th Budapest Open"]
[Site "Budapest, Hungary"]
[Date "2014.08.18"]
[Round "3.28"]
[White "Dal Bianco, Nicola"]
[Black "Birovecz, Ben Jordan"]
[Result "1-0"]
[WhiteElo "1633"]
[BlackElo "1410"]
[PlyCount "103"]
[EventDate "2014.??.??"]

1. c4 e6 2. Nc3 d5 3. cxd5 exd5 4. d4 Be6 5. Bf4 Nf6 6. e3 Be7 7. Bd3 O-O 8.
Nge2 c5 9. dxc5 Nc6 10. a3 Bxc5 11. b4 Bd6 12. Bxd6 Qxd6 13. O-O Ng4 14. Ng3 f5
15. Nce2 Rf7 16. Rc1 Qe5 17. Bb1 Nxe3 18. fxe3 Qxe3+ 19. Kh1 f4 20. Rf3 Qe5 21.
Nf1 Bg4 22. Ng1 Bh5 23. Qd2 Nd4 24. Rfc3 Raf8 25. Re1 Qf6 26. Qf2 f3 27. g3 Ne2
28. Rc2 Qd6 29. Rd2 Nxg1 30. Kxg1 Qb6 31. Ba2 Kh8 32. Rxd5 Qxf2+ 33. Kxf2 Bg6
34. Ne3 Rc7 35. Rd2 Rc3 36. a4 Ra3 37. a5 Ra4 38. Rb2 Ra3 39. Bd5 b5 40. axb6
axb6 41. Nc4 Rd3 42. Nxb6 Rb8 43. Nd7 Rd8 44. Bc6 Rd6 45. b5 Be8 46. Ne5 Bxc6
47. Nxc6 Rc8 48. Rc1 Rc7 49. b6 Rb7 50. Na5 Rb8 51. b7 Rd7 52. Rc8+ 1-0

[Event "4th Budapest Open"]
[Site "Budapest, Hungary"]
[Date "2014.08.18"]
[Round "3.29"]
[White "Bartok, David Dominik"]
[Black "Tapp, Ashley"]
[Result "0-1"]
[WhiteElo "1492"]
[BlackElo "1646"]
[PlyCount "86"]
[EventDate "2014.??.??"]

1. e4 c5 2. c3 d5 3. exd5 Qxd5 4. d4 Nf6 5. Nf3 e6 6. Bd3 Be7 7. Be3 cxd4 8.
cxd4 Nc6 9. Nc3 Qd8 10. a3 O-O 11. O-O a6 12. Ne4 Nd5 13. Bg5 Nxd4 14. Nxd4
Bxg5 15. Qh5 h6 16. Nxg5 Qxg5 17. Qxg5 hxg5 18. Nf3 f6 19. Bc4 Rd8 20. Rfd1 Kf7
21. Rd2 b5 22. Bxd5 Rxd5 23. Rxd5 exd5 24. Rd1 Be6 25. Nd4 Rc8 26. Kf1 Rc4 27.
Ke2 Ke7 28. h3 Kd6 29. g4 g6 30. Ke3 f5 31. b3 Rc3+ 32. Kd2 Rxh3 33. Rc1 Bd7
34. gxf5 gxf5 35. Rg1 Ke5 36. Nc2 g4 37. Re1+ Kd6 38. Re3 f4 39. Rd3 Rxd3+ 40.
Kxd3 Bf5+ 41. Kd2 Bxc2 42. Kxc2 g3 43. Kd3 g2 0-1